Mother of 1084 (Record no. 549)

MARC details
000 -LEADER
fixed length control field 00489 a2200169 4500
001 - CONTROL NUMBER
control field 066501
003 - CONTROL NUMBER IDENTIFIER
control field OSt
005 - DATE AND TIME OF LATEST TRANSACTION
control field 20210930155853.0
008 - FIXED-LENGTH DATA ELEMENTS--GENERAL INFORMATION
fixed length control field
082 ## - DEWEY DECIMAL CLASSIFICATION NUMBER
Classification number 891.44371
Item number M27M
100 1# - MAIN ENTRY--PERSONAL NAME
Personal name Mahasweta Devi
245 1# - TITLE STATEMENT
Title Mother of 1084
Statement of responsibility, etc by Mahasweta Devi
260 ## - PUBLICATION, DISTRIBUTION, ETC. (IMPRINT)
Place of publication, distribution, etc Calcutta
Name of publisher, distributor, etc Seagull Books
Date of publication, distribution, etc 2008
300 ## - PHYSICAL DESCRIPTION
Extent 127p.
690 ## - LOCAL SUBJECT ADDED ENTRY--TOPICAL TERM (OCLC, RLIN)
Topical term or geographic name as entry element Bengali fiction; India--Naxalbari; India--Bengal; Naxalite movement; India; Politics and government
942 ## - ADDED ENTRY ELEMENTS (KOHA)
Source of classification or shelving scheme Dewey Decimal Classification
Koha item type Books
Holdings
Withdrawn status Lost status Source of classification or shelving scheme Damaged status Not for loan Collection code Home library Current library Date acquired Source of acquisition Cost, normal purchase price Total Checkouts Full call number Barcode Date last seen Date checked out Price effective from Koha item type
    Dewey Decimal Classification     General Text Book Central University Of Rajasthan Central University Of Rajasthan 07/03/2012 ENG 275.00 1 891.44371 M27M 787 17/10/2025 10/10/2025 02/09/2020 Books